000 00241nam a22001097a 4500
003 OSt
008 241211b |||||||| |||| 00| 0 eng d
041 _aeng
100 _aHenting Ibsen
_96478
245 _aVeerayodhakkal Hengalarin
942 _cBK
999 _c18448
_d18448